| 000 | 00740nam0a22002291 4500 | ||
|---|---|---|---|
| 001 | rc\2854614 | ||
| 005 | 20260406201454.0 | ||
| 035 | _a(NLR Aleph) 007009308 | ||
| 090 |
_a5798335 _c5798335 |
||
| 100 | _a20110706d1930 |||y0rusy50 ca | ||
| 101 | 0 | _arus | |
| 102 | _aRU | ||
| 105 | _ay z ||||| | ||
| 200 | 1 | _aИнструкция по скупке вольноприносительского золота | |
| 210 |
_aИркутск _cСоюззолото _d1930 |
||
| 215 |
_a7 с. _d25 см |
||
| 710 | 0 | 2 |
_a"Союззолото", акционерное общество _cИркутск _3RU\NLR\AUTH\889961190 _9418690 |
| 801 | 0 |
_aRU _bNLR _gpsbo |
|
| 801 | 1 |
_aRU _bELAR _2rusmarc |
|
| 852 |
_aNLR _j30.12/1003 |
||
| 942 | _cBOOK | ||
| 980 | _aNB | ||